00448nam a2200181Ia 4500003000400000005001700004008004100021020002200062040000700084041000800091082001900099100001400118245004200132260004500174300001700219365001400236650001600250OSt20230517172022.0210423s2014 xx 000 0 und d a978-93-5030-187-6 cAL aeng a630 223bSINE aSINGH (P) aEncyclopaedia of food and agriculture aNew DelhibOxford University Pressc2014 aviii,276bHB b1995cINR aAgriculture